000 00950pam a2200289 a 4500
001 2822412
003 OSt
005 20230620144022.0
008 830110s1983 nyu b 001 0 eng
010 _a 83002147
020 _a0814778283 :
_c$25.00
020 _a0814778291 (pbk.) :
_c$12.50
040 _aDLC
_cDLC
_dDLC
043 _an-us-ny
050 0 0 _aJK2295.N73
_bS27 1983
082 0 0 _a324.6/09747
_219
_bHOW
100 1 _aScarrow, Howard A.
245 1 0 _aParties, elections, and representation in the state of New York /
_cHoward A. Scarrow.
260 _aNew York :
_bNew York University Press,
_c1983.
300 _aix, 142 p. ;
_c24 cm.
504 _aIncludes bibliographical references and indexes.
650 0 _aPolitical parties
_zNew York (State)
650 0 _aElections
_zNew York (State)
650 0 _aApportionment (Election law)
_zNew York (State)
906 _a7
_bcbc
_corignew
_d1
_eocip
_f19
_gy-gencatlg
942 _2ddc
_cBK
999 _c1801
_d1801